| 000 | 00423nam a2200157Ia 4500 | ||
|---|---|---|---|
| 003 | GCL | ||
| 008 | 140319s9999 xx 000 0 eng d | ||
| 040 |
_aGCL / _cGCL |
||
| 082 | 0 | 4 |
_a574 _bVB |
| 100 | 1 | _aWALLACE, ROBERT A. | |
| 245 | 1 | 0 |
_aBIOLOGY, THE WORLD OF LIFE 6TH ED / _cWALLACE, ROBERT A. |
| 260 |
_a[S.N] : _bHARPER COLLINS COLLEGE PUBLISBERS ، _c1991 |
||
| 300 | _a858 P | ||
| 650 | 0 | 4 | _aBIDOGY |
| 942 |
_2ddc _cBK |
||
| 999 |
_c10634 _d10634 |
||